000 00640nam a2200193Ia 4500
005 20250508161823.0
008 008 250505s9999 xx 000 0 eng d
037 _aTextual
040 _aFEDL
_beng
_cFEDL
041 _aeng
_2eng
084 _a371.4, GRA
_qFEDL
100 _aGrandstaff Marvin
_9771622
245 0 _aProgram of studies in non-formal educatio team reports historical perspectives on non-formal education
260 _aWashington, USA
_bDepartment of State
_c1974
300 _a179p.
650 _aEducational - Guidance and Counseling
_9756302
942 _cTEXL
_h371.4, GRA
999 _c1372458
_d1372458